000 00563nam a2200193Ia 4500
003 OSt
005 20250712092720.0
008 210210b1983 xxu||||| |||| 00| 0 eng d
040 _cAL
041 _aKannada
082 _a301K SHAS
100 _aSHANKAR RAV (Cha Na).
_9162719
_d ಶಂಕರ್ ರಾವ್ (ಚ ನ)
245 _aSamajashastra pravesha.
_b ಸಮಾಜಶಾಸ್ತ್ರ ಪ್ರವೇಶ
260 _aMangaluru
_bJai Bharat prakashana
_c1983
300 _aiv,200
690 _aSociology
_9162720
906 _a037332
942 _2ddc
_cBK
999 _c87866
_d87866